LEADER 00981nam a2200229 i 4500 001 000000130346 003 CaOOAMICUS 005 20041021000000.0 008 041021s1902 it u000 u ita u 013 $a103080 040 $aSeMil$bita 100 1 $aMeroni, Venanzio.$0(OLS)http://semarc/name/12208 245 13$aLa pieve d'Incino o mandamento di Erba :$bMemorie storiche /$cpel Canonico Venanzio Meroni. 260 $aPalermo ; Milano ; Napoli :$bRemo Sandron,$c1902. 300 $a158 p., [1] p. di tav. ;$c19 cm. 500 $aContiene : Appendice. 650 4$aIncino .$0(OLS)http://semarc/subject/4295 850 $aSeMil 852 $aSeMil$W1$xVenegono$y1$m984 1 *$j84397$B84397$CSeMilBibl$Z2$F88423 $81 961 $aRecupero: Biblioteca Seminario Saronno 996 $6245$aLa pieve d'Incino o mandamento di Erba :$bMemorie storiche$9(OLS)http://semarc/title/192029 996 $6260$aPalermo ; Milano ; Napoli :$bRemo Sandron$9(OLS)http://semarc/publisher/38576 LEADER 00855nas a2200181 i 4500 001 000000007976 003 CaOOAMICUS 005 20180830125439.0 008 180830s1957 gw u0 und u 040 $aSeMil$bita 245 10$aKonfessionskundliche Schriften des Johann-Adam-Möhler-Instituts. 260 $aPaderbon :$bBonifatius,$c1957. 300 $av. ;$c22 cm. 500 $aIl titolo varia in : Konfessionskundliche und kontroverstheologische Studien. 700 1 $aJohann Adam Möhler Institut .$0(OLS)http://semarc/name/4083 785 00$tKonfessionskundliche und kontroverstheologische Studien.$dPadeborn : Bonifatius-Druckerei, [195.]$w()14867 996 $6245$aKonfessionskundliche Schriften des Johann-Adam-Möhler-Instituts$9(OLS)http://semarc/title/10618 996 $6260$aPaderbon :$bBonifatius$9(OLS)http://semarc/publisher/32084